Die teuersten Fußballtransfers - Saison 2018-2019 - Statistiken

Allgemein
  • Dieses Quiz wurde 57 mal gespielt
  • Das Durchschnittsergebnis liegt bei 8 aus 10
Antwortstatistiken
Ablöse (M €) Nationalität Abgebender Verein Aufnehmender Verein Spieler % Korrekt
117,00 Portugal Real Madrid Juventus Turin Cristiano Ronaldo
100%
180,00 Frankreich AS Monaco Paris SG Kylian Mbappé
100%
67,80 Algerien Leicester City Manchester City Riyad Mahrez
98%
60,00 Guinea RB Leipzig FC Liverpool Naby Keïta
94%
64,00 Vereinigte Staaten Borussia Dortmund FC Chelsea Christian Pulisic
88%
62,50 Brasilien AS Rom FC Liverpool Alisson
80%
80,00 Spanien Athletic Bilbao FC Chelsea Kepa Arrizabalaga
72%
72,00 Frankreich AS Monaco Atlético Madrid Thomas Lemar
70%
57,00 Brasilien / Italien SSC Naepel FC Chelsea Jorginho
66%
59,00 Brasilien Shakhtar D. Manchester United Fred
58%
Keine übereinstimmenden Quizze gefunden
Verteilung der Resultate
Anzahl Personen mit jedem Resultat
Perzentil nach korrekt beantworteten Fragen
Ihre Resultats-Entwicklung
Sie haben dieses Quiz noch nicht gespielt